| 000 | 00604nam a22002177a 4500 | ||
|---|---|---|---|
| 003 | LK-CoMWRAF | ||
| 005 | 20231109103824.0 | ||
| 008 | 231012b2001 |||||||| |||| 00| 0 eng d | ||
| 020 | _a0809223996 | ||
| 040 |
_aLK-CoMWRAF _dLK-CoMWRAF _eLK-CoMWRAF |
||
| 041 | _aeng | ||
| 082 |
_a508 _bCOO |
||
| 100 | _aCook, Charles | ||
| 245 |
_aAwakening to nature: _brenewing your life by connecting with the natural world |
||
| 260 |
_aNew York: _bContemporary Books, _c2001 |
||
| 300 | _axxi, 261 p. ; 21 cm. | ||
| 650 | _aNATURE | ||
| 650 | _aHuman ecology. | ||
| 650 | _aNatural history. | ||
| 942 | _cBK | ||
| 999 |
_c3837 _d3837 |
||